| 000 | 00709nam a2200193Ia 4500 | ||
|---|---|---|---|
| 001 | 9070 | ||
| 003 | GE_BSU | ||
| 008 | 181216s||||||||xx |||||||||||||| ||und|| | ||
| 040 | _cGE_BSU | ||
| 245 | _aПрограммирование на С/С++ №2(122. февраль). 2014 | ||
| 245 | _bЖурнал для профессионалов. | ||
| 260 | _aМосква | ||
| 260 | _bинфопресс | ||
| 260 | _c2014 | ||
| 300 | _a23ст;28см | ||
| 520 | _aЕжемесячное издание для разработчиков приложениий и программных компонентов на языках С/С++ | ||
| 653 | _aПрограммирование на С/С++ | ||
| 942 | _cCR | ||
| 999 |
_c42374 _d42374 |
||